000 00755nam a2200205Ii 4500
003 JO-AjNU
008 230605s9999||||xx |||||||||||||| ||und||
017 _a1992/4591
040 _aJO-AjNU
_bara
_erda
_cJO-AjNU
041 _aara
050 1 4 _aRD768 1992
100 3 _aالحسيني، أيمن,
_eauthor
_96943
245 0 0 _aالأعشاب والجنس: صحتك الجنسية في الأعشاب والنباتات والغذاء
264 3 1 _aالقاهرة: مكتبة ابن سينا للنشر والتوزيع والتصدير، 1992
300 _a112ص
336 _atext
_btxt
_2rdacontent
337 _aunmediated
_bn
_2rdamedia
338 _avolume
_bnc
_2rdacarrier
650 4 _aالجنس - الاعشاب - العلوم الطبية
_96944
999 _aA28
_c3596
_d3596